| 000 | 00432nam a2200157Ia 4500 | ||
|---|---|---|---|
| 008 | 160316s1997 xxu||||| |||| 00| 0 eng d | ||
| 082 |
_a332.100000 _bSAR |
||
| 100 | _aSarkar Kalyan Kumar | ||
| 245 | _aThe banking ombudsman scheme 1995 : A scheme for redressal of grievances against banks | ||
| 250 | _a | ||
| 260 |
_aCalcutta _bGemini Book House _c1997 |
||
| 300 |
_a68p _b _cix |
||
| 365 | _bRs.80 | ||
| 650 | _a | ||
| 700 |
_a _a |
||
| 999 |
_c16185 _d16185 |
||